000 00217nam a22000977a 4500
003 OSt
008 210114b ||||| |||| 00| 0 eng d
100 _aKumar, C. B
_94856
245 _aLondanil chila kathukal
942 _cBK
999 _c16540
_d16540